{"text_format":"3","workbook":"xlsx","n_sheets":1,"sheets":["Sheet1"],"read":"whole","date_system":"1900"}

{"sheet":"Sheet1","index":0,"n_rows":66,"n_cols":35,"rows_kept":66,"merged":[[3,0,3,14],[5,0,6,0],[5,2,6,2],[5,3,6,3],[5,4,6,4],[10,0,11,0],[10,1,11,1],[10,2,11,2],[10,3,10,7],[10,8,11,8],[10,9,11,9],[10,10,11,10],[10,11,11,11],[10,12,11,12],[10,13,11,13],[10,14,11,14],[10,15,11,15],[10,16,11,16],[10,17,11,17],[10,18,11,18],[10,19,11,19],[10,20,11,20],[10,21,11,21],[10,22,11,22],[10,23,11,23],[10,24,11,24],[10,25,11,25],[10,26,11,26],[10,27,11,27],[10,28,11,28],[10,29,11,29],[10,30,11,30],[10,31,11,31],[10,32,11,32],[10,33,11,33],[10,34,11,34]]}
["Дата и время выгрузки годового плана: 2020-09-30 14:13:57"]
["Статус выгружаемого годового плана: Утвержден"]
[]
["План государственных закупок №25 от 2020-09-08"]
["Общие сведения"]
["БИН заказчика","Для государственных учреждений","Наименование заказчика (на казахском языке)","Наименование заказчика (на русском языке)","Финансовый год"]
[null,"Код ГУ"]
[1,2,3,4,5]
["930240000347","2730272","Коммунальное государственное учреждение «Государственный архив города Кокшетау» управления культуры, архивов и документации Акмолинской области","Ақмола облысы мәдениет, архивтер мен құжаттамалар басқармасының «Көкшетау қаласының мемлекеттік архиві» коммуналдық мемлекеттік мекемесі","2020"]
[null,"План государственных закупок"]
["№ пункта плана","ИД пункта плана","Тип пункта плана","Для государственных учреждений",{"$nulls":4},"Вид предмета закупок","Код товара, работы, услуги (в соответствии с СТРУ)","Наименование закупаемых товаров, работ, услуг на казахском языке (в соответствии с СТРУ) ","Наименование закупаемых товаров, работ, услуг на русском языке (в соответствии с СТРУ)","Краткая характеристика (описание) товаров, работ и услуг на казахском языке (в соответствии с СТРУ)","Краткая характеристика (описание) товаров, работ и услуг на русском языке (в соответствии с СТРУ)","Дополнительная характеристика (на казахском языке)","Дополнительная характеристика (на русском языке)","Планируемый способ закупок","Обоснование применения государственных закупок","Фактический способ закупок","Единица измерения (в соответствии с СТРУ)","Количество, объём ","Цена за единицу, тенге","Общая сумма, утвержденная для закупки, тенге","Утвержденная сумма на первый год трехлетнего периода","Прогнозная сумма на второй год трехлетнего периода, тенге","Прогнозная сумма на третий год трехлетнего периода, тенге","Планируемый срок осуществления государственных закупок(месяц)","Срок поставки товара, выполнения работ, оказания услуг (на казахском языке)","Срок поставки товара, выполнения работ, оказания услуг (на русском языке)","Место поставки товара, выполнения работ, оказания услуг (код населенного пункта в соответствии с КАТО)","Место поставки товара, выполнения работ, оказания услуг на казахском языке( улица, дом №, квартира№)","Место поставки товара, выполнения работ, оказания услуг на русском языке( улица, дом №, квартира№)","Размер авансового платежа, %","Признак поставщика","Статус пункта годового плана"]
[{"$nulls":3},"Администратор бюджетной программы","Программа","Подпрограмма","Специфика","Источник финансирования"]
[1,2,3,4,5,6,7,8,9,10,11,12,13,14,15,16,17,"17-1",18,19,20,21,22,23,24,25,26,27,28,29,30,31,32,33,34]
[32046124,32046124,"Закупки, не превышающие финансовый год",273,"010 Обеспечение сохранности архивного фонда","015 За счет средств местного бюджета","151 Оплата коммунальных услуг","За счет бюджетных средств, за исключением средств софинансирования по правительственным внешним займам или связанным грантам","Услуга","370011.900.000000","Ағын суларды кетіру бойынша қызмет көрсетулер","Услуги по удалению сточных вод","Ағын суларды жою (бұру) бойынша қызметтер","Услуги по удалению сточных вод (отведение)","Ағын суларды жою (бұру) бойынша қызметтер","Услуги по удалению сточных вод (отведение)","Из одного источника путем прямого заключения договора","пп.1 п.3 ст.39 приобретения услуг, относящихся к сферам естественных монополий, а также услуг энергоснабжения или купли-продажи электрической энергии с гарантирующим поставщиком электрической энергии;","Из одного источника путем прямого заключения договора","Одна услуга",1,13392.86,13392.86,13392.86,null,null,"Январь","бір жыл ішінде","в течении года","111010000;","Ақмола облысы, Көкшетау қ. Ул.Темирбекова 55;","Акмолинская область, г.Кокшетау ул.Темирбекова 55;",null,null,"Договор действует"]
[32047169,32047169,"Закупки, не превышающие финансовый год",273,"010 Обеспечение сохранности архивного фонда","015 За счет средств местного бюджета","151 Оплата коммунальных услуг","За счет бюджетных средств, за исключением средств софинансирования по правительственным внешним займам или связанным грантам","Услуга","353022.000.000001","Орталықтандырылған сумен жабдықтау жүйелерін пайдаланумен суық сумен жабдықтау бойынша қызмет көрсетулер","Услуги по холодному водоснабжению с использованием систем централизованного водоснабжения","Орталықтандырылған сумен жабдықтау жүйелерін пайдаланумен беру, үлестіру және салқын сумен жабдықтау бойынша қызметтер","Услуги по передаче, распределению и холодному водоснабжению с использованием систем централизованного водоснабжения","Орталықтандырылған сумен жабдықтау жүйелерін пайдаланумен беру, үлестіру және салқын сумен жабдықтау бойынша қызметтер","Услуги по передаче, распределению и холодному водоснабжению с использованием систем централизованного водоснабжения","Из одного источника путем прямого заключения договора","пп.1 п.3 ст.39 приобретения услуг, относящихся к сферам естественных монополий, а также услуг энергоснабжения или купли-продажи электрической энергии с гарантирующим поставщиком электрической энергии;","Из одного источника путем прямого заключения договора","Одна услуга",1,17857.15,17857.15,17857.15,null,null,"Январь","бір жыл ішінде","в течении года","111010000;","Ақмола облысы, Көкшетау қ. ул.Темирбекова 55;","Акмолинская область, г.Кокшетау ул.Темирбекова 55;",null,null,"Договор действует"]
[32051214,32051214,"Закупки, не превышающие финансовый год",273,"010 Обеспечение сохранности архивного фонда","015 За счет средств местного бюджета","151 Оплата коммунальных услуг","За счет бюджетных средств, за исключением средств софинансирования по правительственным внешним займам или связанным грантам","Товар","351110.100.000001","Электр энергиясы","Электроэнергия","пайдаланушыларды жабдықтауға арналған","для снабжения потребителей","Электроэнергияны пайдаланушыларды жабдықтауға арналған","Электроэнергия для снабжения потребителей","Из одного источника путем прямого заключения договора","пп.1 п.3 ст.39 приобретения услуг, относящихся к сферам естественных монополий, а также услуг энергоснабжения или купли-продажи электрической энергии с гарантирующим поставщиком электрической энергии;","Из одного источника путем прямого заключения договора","Киловатт",15822.7,19.14,302846.48,302846.48,null,null,"Январь","в течении года","в течении года","111010000;","Ақмола облысы, Көкшетау қ. ул.Темирбекова 55;","Акмолинская область, г.Кокшетау ул.Темирбекова 55;",null,null,"Договор действует"]
[32308149,32308149,"Закупки, не превышающие финансовый год",273,"010 Обеспечение сохранности архивного фонда","015 За счет средств местного бюджета","159 Оплата прочих услуг и работ","За счет бюджетных средств, за исключением средств софинансирования по правительственным внешним займам или связанным грантам","Услуга","181219.900.000005","Полиграфиялық өнімдерді (кітаптардан, фотодан, мерзімді басылымдардан басқа) жасау/басып шығару бойынша полиграфиялық қызмет көрсетулер","Услуги полиграфические по изготовлению/печатанию полиграфической продукции (кроме книг, фото, периодических изданий)","Полиграфиялық өнімдерді әзірлеу/басу бойынша полиграфиялық қызметтер (книг, фото, баспалардан басқа)","Услуги полиграфические по изготовлению/печатанию полиграфической продукции (кроме книг, фото, периодических изданий)","фирмалық бланкілерді әзірлеу бойынша қызметтер","Услуги по изготовлению фирменных бланков","Из одного источника путем прямого заключения договора","пп.42 п.3 ст.39 приобретения однородных товаров, если годовой объем таких однородных товаров в стоимостном выражении не превышает стократного размера месячного расчетного показателя, работ и услуг, если годовой объем таких однородных работ и услуг в стоимостном выражении не превышает пятисоткратного размера месячного расчетного показателя, а для аппаратов акимов городов районного значения, сел, поселков, сельских округов не превышает трех тысячекратного размера месячного расчетного показателя, установленного на соответствующий финансовый год законом о республиканском бюджете;","Из одного источника путем прямого заключения договора","Одна услуга",1,138000,138000,138000,null,null,"Февраль","келісім шартқа отырғаннан кейін 15 күнтізбелік күн ішінде","в течении 15 календарных дней после заключения договора","111010000;","Ақмола облысы, Көкшетау қ. ул.Темирбекова 55;","Акмолинская область, г.Кокшетау ул.Темирбекова 55;",null,null,"Договор действует"]
[32329002,32329002,"Закупки, не превышающие финансовый год",273,"010 Обеспечение сохранности архивного фонда","015 За счет средств местного бюджета","159 Оплата прочих услуг и работ","За счет бюджетных средств, за исключением средств софинансирования по правительственным внешним займам или связанным грантам","Услуга","802010.000.000004","Өрт/күзеттік хабарлағышты/өрт сөндіру/бейнебақылау жүйелерін және ұқаса жабдықтауды техникалық қамтамасыз ету бойынша қызмет көрсетулер","Услуги по техническому обслуживанию пожарной/охранной сигнализации/систем тушения/видеонаблюдения и аналогичного оборудования","Өрт/күзет белгі беру/өрт сөндіру жүйелеріне/бейне бақылау және ұқсас жабдықтарға техникалық қызмет көрсету бойынша қызметтер","Услуги по техническому обслуживанию пожарной/охранной сигнализации/систем тушения/видеонаблюдения и аналогичного оборудования","өрт сөндіру сигнал беру бойынша техникалық қызмет көрсету","Техническое обслуживание пожарной сигнализации","Из одного источника путем прямого заключения договора","пп.42 п.3 ст.39 приобретения однородных товаров, если годовой объем таких однородных товаров в стоимостном выражении не превышает стократного размера месячного расчетного показателя, работ и услуг, если годовой объем таких однородных работ и услуг в стоимостном выражении не превышает пятисоткратного размера месячного расчетного показателя, а для аппаратов акимов городов районного значения, сел, поселков, сельских округов не превышает трех тысячекратного размера месячного расчетного показателя, установленного на соответствующий финансовый год законом о республиканском бюджете;","Из одного источника путем прямого заключения договора","Одна услуга",1,71786,71786,71786,null,null,"Январь","бір жыл бойы","в течении года","111010000;","Ақмола облысы, Көкшетау қ. ул.Темирбекова 55;","Акмолинская область, г.Кокшетау ул.Темирбекова 55;",null,null,"Договор действует"]
[32332510,32332510,"Закупки, не превышающие финансовый год",273,"010 Обеспечение сохранности архивного фонда","011 За счет трансфертов из республиканского бюджета","159 Оплата прочих услуг и работ","За счет бюджетных средств, за исключением средств софинансирования по правительственным внешним займам или связанным грантам","Услуга","841112.900.000011","Ақашалай қаражатты аудару/есеп-шотқа салу бойынша банктер қызметтері","Услуги банков по перечислению/переводу денежных средств","Ақша құралдарын аудару/жіберу бойынша банк қызметтері","Услуги банков по перечислению/переводу денежных средств","Төлем карталарына қызмет көрсеткені үшін орталық банктің қызметтері","Услуги банка центрального за обслуживание платежных карт","Из одного источника путем прямого заключения договора","пп.11 п.3 ст.39 приобретения услуг международных рейтинговых агентств, финансовых услуг;","Из одного источника путем прямого заключения договора","Одна услуга",1,76000,76000,76000,null,null,"Январь","бір жыл ішінде","в течении года","111010000;","Ақмола облысы, Көкшетау қ. ул.Темирбекова 55;","Акмолинская область, г.Кокшетау ул.Темирбекова 55;",null,null,"Договор действует"]
[32339605,32339605,"Закупки, не превышающие финансовый год",273,"010 Обеспечение сохранности архивного фонда","015 За счет средств местного бюджета","159 Оплата прочих услуг и работ","За счет бюджетных средств, за исключением средств софинансирования по правительственным внешним займам или связанным грантам","Услуга","381129.000.000000","Қауіпті емес қалдықтарды/мүліктерді/материалдарды шығару (жинау) бойынша қызметтер","Услуги по вывозу (сбору) неопасных отходов/имущества/материалов","зиянсыз қалдықтарды/мүліктерді/материалдарды шығару (жинау) қызметтері","Услуги по вывозу (сбору) неопасных отходов/имущества/материалов","Зиянсыз қалдықтарды/мүліктерді/материалдарды шығару (жинау) қызметтері","Услуги по вывозу (сбору) неопасных отходов/имущества/материалов","Из одного источника путем прямого заключения договора","пп.42 п.3 ст.39 приобретения однородных товаров, если годовой объем таких однородных товаров в стоимостном выражении не превышает стократного размера месячного расчетного показателя, работ и услуг, если годовой объем таких однородных работ и услуг в стоимостном выражении не превышает пятисоткратного размера месячного расчетного показателя, а для аппаратов акимов городов районного значения, сел, поселков, сельских округов не превышает трех тысячекратного размера месячного расчетного показателя, установленного на соответствующий финансовый год законом о республиканском бюджете;","Из одного источника путем прямого заключения договора","Одна услуга",1,55714,55714,55714,null,null,"Январь","жыл бойы","в течение года","111010000;","Ақмола облысы, Көкшетау қ. ул.Темирбекова 55;","Акмолинская область, г.Кокшетау ул.Темирбекова 55;",null,null,"Договор действует"]
[32351093,32351093,"Закупки, не превышающие финансовый год",273,"010 Обеспечение сохранности архивного фонда","015 За счет средств местного бюджета","159 Оплата прочих услуг и работ","За счет бюджетных средств, за исключением средств софинансирования по правительственным внешним займам или связанным грантам","Услуга","620230.000.000003","Сайттарды техникалық қолдау бойынша қызмет көрсетулер","Услуги по технической поддержке сайтов","Сайттарды техникалық қолдау бойынша қызметтер","Услуги по технической поддержке сайтов","Сайттарды техникалық қолдау бойынша қызметтер","Услуги по технической поддержке сайтов","Из одного источника путем прямого заключения договора","пп.42 п.3 ст.39 приобретения однородных товаров, если годовой объем таких однородных товаров в стоимостном выражении не превышает стократного размера месячного расчетного показателя, работ и услуг, если годовой объем таких однородных работ и услуг в стоимостном выражении не превышает пятисоткратного размера месячного расчетного показателя, а для аппаратов акимов городов районного значения, сел, поселков, сельских округов не превышает трех тысячекратного размера месячного расчетного показателя, установленного на соответствующий финансовый год законом о республиканском бюджете;","Из одного источника путем прямого заключения договора","Одна услуга",1,66000,66000,66000,null,null,"Январь","жыл бойы","в течение года","111010000;","Ақмола облысы, Көкшетау қ. ул.Темирбекова 55;","Акмолинская область, г.Кокшетау ул.Темирбекова 55;",null,null,"Договор действует"]
[32351403,32351403,"Закупки, не превышающие финансовый год",273,"010 Обеспечение сохранности архивного фонда","015 За счет средств местного бюджета","159 Оплата прочих услуг и работ","За счет бюджетных средств, за исключением средств софинансирования по правительственным внешним займам или связанным грантам","Услуга","620920.000.000003","Услуги по установке/настройке программного обеспечения","Услуги по установке/настройке программного обеспечения","Услуги по установке/настройке программного обеспечения","Услуги по установке/настройке программного обеспечения","Бағдарламаларды орнату бойынша қызметтер және бағдарламалық қамтамасыз ету","Услуги по установке и настройке программного обеспечения","Из одного источника путем прямого заключения договора","пп.42 п.3 ст.39 приобретения однородных товаров, если годовой объем таких однородных товаров в стоимостном выражении не превышает стократного размера месячного расчетного показателя, работ и услуг, если годовой объем таких однородных работ и услуг в стоимостном выражении не превышает пятисоткратного размера месячного расчетного показателя, а для аппаратов акимов городов районного значения, сел, поселков, сельских округов не превышает трех тысячекратного размера месячного расчетного показателя, установленного на соответствующий финансовый год законом о республиканском бюджете;","Из одного источника путем прямого заключения договора","Одна услуга",1,107143,107143,107143,null,null,"Январь","бір жыл ішінде","в течении года","111010000;","Ақмола облысы, Көкшетау қ. ул.Темирбекова 55;","Акмолинская область, г.Кокшетау ул.Темирбекова 55;",null,null,"Договор действует"]
[32445661,32445661,"Закупки, не превышающие финансовый год",273,"010 Обеспечение сохранности архивного фонда","015 За счет средств местного бюджета","149 Приобретение прочих запасов","За счет бюджетных средств, за исключением средств софинансирования по правительственным внешним займам или связанным грантам","Услуга","531011.100.000000","Баспалық мерзімдік басылымдарға жазылу бойынша қызмет көрсетулер","Услуги по подписке на печатные периодические издания","Басылып шығарылатын мерзімдік баспаларға жазылу қызметтері","Услуги по подписке на печатные периодические издания","2021 жылға газеттер пен журналдарға жазылу","Подписка на газеты и журналы на 2021 год","Из одного источника путем прямого заключения договора","пп.25 п.3 ст.39 приобретения периодических печатных изданий на бумажном и (или) электронном носителях;","Из одного источника путем прямого заключения договора","Одна услуга",1,50125,50125,50125,null,null,"Октябрь","Шарт тіркелген сәттен бастап 15 (он бес) жұмыс күні","15(пятнадцать) рабочих дней с момента регистрации договора","111010000;","Ақмола облысы, Көкшетау қ. Темирбекова көшесі 55;","Акмолинская область, г.Кокшетау ул Темирбекова 55;",null,null,"Утвержден"]
[32472059,32472059,"Закупки, не превышающие финансовый год",273,"010 Обеспечение сохранности архивного фонда","015 За счет средств местного бюджета","149 Приобретение прочих запасов","За счет бюджетных средств, за исключением средств софинансирования по правительственным внешним займам или связанным грантам","Товар","262040.000.000279","Картридж","Картридж","бүріккіш, түрлі-түсті","струйный, цветной","лазерлік сиялы принтерлер үшін","для лазерных, стурйных принтеров","Из одного источника путем прямого заключения договора","пп.42 п.3 ст.39 приобретения однородных товаров, если годовой объем таких однородных товаров в стоимостном выражении не превышает стократного размера месячного расчетного показателя, работ и услуг, если годовой объем таких однородных работ и услуг в стоимостном выражении не превышает пятисоткратного размера месячного расчетного показателя, а для аппаратов акимов городов районного значения, сел, поселков, сельских округов не превышает трех тысячекратного размера месячного расчетного показателя, установленного на соответствующий финансовый год законом о республиканском бюджете;","Из одного источника путем прямого заключения договора","Штука",8,5129,41032,41032,null,null,"Март","келісім шартқа отырғаннан кейін 15 күнтізбелік күн ішінде","в течении 15 календарных дней после заключения договора","111010000;","Ақмола облысы, Көкшетау қ. ул.Темирбекова 55;","Акмолинская область, г.Кокшетау ул.Темирбекова 55;",null,null,"Договор действует"]
[32472676,32472676,"Закупки, не превышающие финансовый год",273,"010 Обеспечение сохранности архивного фонда","015 За счет средств местного бюджета","149 Приобретение прочих запасов","За счет бюджетных средств, за исключением средств софинансирования по правительственным внешним займам или связанным грантам","Товар","262040.000.000280","Картридж","Картридж","бүріккіш, қара","струйный, черный","лазерлік сиялы принтерлер үшін А3 формат","для лазерных, струйных принтеров формата А3","Из одного источника путем прямого заключения договора","пп.42 п.3 ст.39 приобретения однородных товаров, если годовой объем таких однородных товаров в стоимостном выражении не превышает стократного размера месячного расчетного показателя, работ и услуг, если годовой объем таких однородных работ и услуг в стоимостном выражении не превышает пятисоткратного размера месячного расчетного показателя, а для аппаратов акимов городов районного значения, сел, поселков, сельских округов не превышает трех тысячекратного размера месячного расчетного показателя, установленного на соответствующий финансовый год законом о республиканском бюджете;","Из одного источника путем прямого заключения договора","Штука",1,12500,12500,12500,null,null,"Март","келісім шартқа отырғаннан кейін 15 күнтізбелік күн ішінде","в течении 15 календарных дней после заключения договора","111010000;","Ақмола облысы, Көкшетау қ. ул.Темирбекова 55;","Акмолинская область, г.Кокшетау ул.Темирбекова 55;",null,null,"Договор действует"]
[32475679,32475679,"Закупки, не превышающие финансовый год",273,"010 Обеспечение сохранности архивного фонда","015 За счет средств местного бюджета","149 Приобретение прочих запасов","За счет бюджетных средств, за исключением средств софинансирования по правительственным внешним займам или связанным грантам","Товар","222925.500.000012","Маркер","Маркер","пластикалы, жуылмайтын","пластиковый, нестираемый","Маркер пластикалы, жуылмайтын( кара)","Маркер  пластиковый, нестираемый(черный )","Из одного источника путем прямого заключения договора","пп.42 п.3 ст.39 приобретения однородных товаров, если годовой объем таких однородных товаров в стоимостном выражении не превышает стократного размера месячного расчетного показателя, работ и услуг, если годовой объем таких однородных работ и услуг в стоимостном выражении не превышает пятисоткратного размера месячного расчетного показателя, а для аппаратов акимов городов районного значения, сел, поселков, сельских округов не превышает трех тысячекратного размера месячного расчетного показателя, установленного на соответствующий финансовый год законом о республиканском бюджете;","Из одного источника путем прямого заключения договора","Штука",20,150,3000,3000,null,null,"Март","келісімшарт жасалғаннан кейін 15 күнтізбелік күн ішінде","в течении 15 календарных дней после заключения договора","111010000;","Ақмола облысы, Көкшетау қ. ул.Темирбекова 55;","Акмолинская область, г.Кокшетау ул.Темирбекова 55;",null,null,"Договор действует"]
[32476138,32476138,"Закупки, не превышающие финансовый год",273,"010 Обеспечение сохранности архивного фонда","015 За счет средств местного бюджета","149 Приобретение прочих запасов","За счет бюджетных средств, за исключением средств софинансирования по правительственным внешним займам или связанным грантам","Товар","282323.900.000002","Степлер","Степлер","кеңселік, механикалық","канцелярский, механический","Степлер кеңселік, механикалық","Степлер канцелярский, механический","Из одного источника путем прямого заключения договора","пп.42 п.3 ст.39 приобретения однородных товаров, если годовой объем таких однородных товаров в стоимостном выражении не превышает стократного размера месячного расчетного показателя, работ и услуг, если годовой объем таких однородных работ и услуг в стоимостном выражении не превышает пятисоткратного размера месячного расчетного показателя, а для аппаратов акимов городов районного значения, сел, поселков, сельских округов не превышает трех тысячекратного размера месячного расчетного показателя, установленного на соответствующий финансовый год законом о республиканском бюджете;","Из одного источника путем прямого заключения договора","Штука",20,380,7600,7600,null,null,"Март","келісімшарт жасалғаннан кейін 15 күнтізбелік күн ішінде","в течении 15 календарных дней после заключения договора","111010000;","Ақмола облысы, Көкшетау қ. ул.Темирбекова  55;","Акмолинская область, г.Кокшетау ул.Темирбекова  55;",null,null,"Договор действует"]
[32476550,32476550,"Закупки, не превышающие финансовый год",273,"010 Обеспечение сохранности архивного фонда","011 За счет трансфертов из республиканского бюджета","149 Приобретение прочих запасов","За счет бюджетных средств, за исключением средств софинансирования по правительственным внешним займам или связанным грантам","Товар","172312.700.000011","Жапсырма","Стикер","қағазды, белгілерге арналған","бумажный, для заметок","Жапсырма қағазды, белгілерге арналған","Стикер  бумажный, для заметок","Из одного источника путем прямого заключения договора","пп.42 п.3 ст.39 приобретения однородных товаров, если годовой объем таких однородных товаров в стоимостном выражении не превышает стократного размера месячного расчетного показателя, работ и услуг, если годовой объем таких однородных работ и услуг в стоимостном выражении не превышает пятисоткратного размера месячного расчетного показателя, а для аппаратов акимов городов районного значения, сел, поселков, сельских округов не превышает трех тысячекратного размера месячного расчетного показателя, установленного на соответствующий финансовый год законом о республиканском бюджете;","Из одного источника путем прямого заключения договора","Штука",25,260,6500,6500,null,null,"Март","келісімшарт жасалғаннан кейін 15 күнтізбелік күн ішінде","в течении 15 календарных дней после заключения договора","111010000;","Ақмола облысы, Көкшетау қ. ул.Темирбекова 55;","Акмолинская область, г.Кокшетау ул.Темирбекова 55;",null,null,"Договор действует"]
[32366941,33230883,"Закупки, не превышающие финансовый год",273,"010 Обеспечение сохранности архивного фонда","015 За счет средств местного бюджета","159 Оплата прочих услуг и работ","За счет бюджетных средств, за исключением средств софинансирования по правительственным внешним займам или связанным грантам","Услуга","951110.000.000003","Услуги по техническому обслуживанию компьютерной/периферийной оргтехники/оборудования и их частей","Услуги по техническому обслуживанию компьютерной/периферийной оргтехники/оборудования и их частей","Услуги по техническому обслуживанию компьютерной/периферийной оргтехники/оборудования и их частей","Услуги по техническому обслуживанию компьютерной/периферийной оргтехники/оборудования и их частей","1С ақпараттық-техникалық сүйемелдеу","Информационно-техническое сопровождение 1С","Из одного источника путем прямого заключения договора","пп.42 п.3 ст.39 приобретения однородных товаров, если годовой объем таких однородных товаров в стоимостном выражении не превышает стократного размера месячного расчетного показателя, работ и услуг, если годовой объем таких однородных работ и услуг в стоимостном выражении не превышает пятисоткратного размера месячного расчетного показателя, а для аппаратов акимов городов районного значения, сел, поселков, сельских округов не превышает трех тысячекратного размера месячного расчетного показателя, установленного на соответствующий финансовый год законом о республиканском бюджете;","Из одного источника путем прямого заключения договора","Одна услуга",1,110000,110000,110000,null,null,"Февраль","2020жыл бойы","в течение 2020 года","111010000;","Ақмола облысы, Көкшетау қ. ул.Темирбекова 55;","Акмолинская область, г.Кокшетау ул.Темирбекова 55;",null,null,"Договор действует"]
[32331975,33230916,"Закупки, не превышающие финансовый год",273,"010 Обеспечение сохранности архивного фонда","015 За счет средств местного бюджета","159 Оплата прочих услуг и работ","За счет бюджетных средств, за исключением средств софинансирования по правительственным внешним займам или связанным грантам","Услуга","802010.000.000004","Өрт/күзеттік хабарлағышты/өрт сөндіру/бейнебақылау жүйелерін және ұқаса жабдықтауды техникалық қамтамасыз ету бойынша қызмет көрсетулер","Услуги по техническому обслуживанию пожарной/охранной сигнализации/систем тушения/видеонаблюдения и аналогичного оборудования","Өрт/күзет белгі беру/өрт сөндіру жүйелеріне/бейне бақылау және ұқсас жабдықтарға техникалық қызмет көрсету бойынша қызметтер","Услуги по техническому обслуживанию пожарной/охранной сигнализации/систем тушения/видеонаблюдения и аналогичного оборудования","Бейнебақылау бойынша техникалық қызмет көрсету","Техническое обслуживание видеонаблюдения","Из одного источника путем прямого заключения договора","пп.42 п.3 ст.39 приобретения однородных товаров, если годовой объем таких однородных товаров в стоимостном выражении не превышает стократного размера месячного расчетного показателя, работ и услуг, если годовой объем таких однородных работ и услуг в стоимостном выражении не превышает пятисоткратного размера месячного расчетного показателя, а для аппаратов акимов городов районного значения, сел, поселков, сельских округов не превышает трех тысячекратного размера месячного расчетного показателя, установленного на соответствующий финансовый год законом о республиканском бюджете;","Из одного источника путем прямого заключения договора","Одна услуга",1,109286,109286,109286,null,null,"Февраль","бір жыл бойы","в течении года","111010000;","Ақмола облысы, Көкшетау қ. ул.Темирбекова 55;","Акмолинская область, г.Кокшетау ул.Темирбекова 55;",null,null,"Договор действует"]
[32307445,33230941,"Закупки, не превышающие финансовый год",273,"010 Обеспечение сохранности архивного фонда","015 За счет средств местного бюджета","151 Оплата коммунальных услуг","За счет бюджетных средств, за исключением средств софинансирования по правительственным внешним займам или связанным грантам","Услуга","353012.200.000001","Коммуналдық-тұрмыстық қажеттіліктерге ыстық суды (жылу энергиясын) бөлу бойынша қызмет көрсетулер","Услуги по распределению горячей воды (тепловой энергии) на коммунально-бытовые нужды","Коммуналдық-тұрмыстық қажеттелктерге жылы суды (жылу қуатын) тарату, бөлу бойынша қызметтер.","Услуги по передаче, распределению горячей воды (тепловой энергии) на  коммунально-бытовые нужды","Коммуналдық-тұрмыстық қажеттіліктерге ыстық суды (жылу энергиясын) бөлу бойынша қызмет көрсетулер","Коммуналдық-тұрмыстық қажеттелктерге жылы суды (жылу қуатын) тарату, бөлу бойынша қызметтер.","Из одного источника путем прямого заключения договора","пп.1 п.3 ст.39 приобретения услуг, относящихся к сферам естественных монополий, а также услуг энергоснабжения или купли-продажи электрической энергии с гарантирующим поставщиком электрической энергии;","Из одного источника путем прямого заключения договора","Одна услуга",1,572321,572321,572321,null,null,"Февраль","бір жыл ішінде","в течении года","111010000;","Ақмола облысы, Көкшетау қ. ул.Темирбекова 55;","Акмолинская область, г.Кокшетау ул.Темирбекова 55;",null,null,"Договор действует"]
[31975316,33230968,"Закупки, не превышающие финансовый год",273,"010 Обеспечение сохранности архивного фонда","015 За счет средств местного бюджета","159 Оплата прочих услуг и работ","За счет бюджетных средств, за исключением средств софинансирования по правительственным внешним займам или связанным грантам","Услуга","812913.000.000000","Санитарлық қызмет көрсетулер (дезинфекция, дезинсекция, дератизация және соларға ұқсас)","Услуги санитарные (дезинфекция, дезинсекция, дератизация и аналогичные)","Санитарлық қызметтер (дезинфекция, дезинсекция, дератизация және ұқсастар)","Услуги санитарные (дезинфекция, дезинсекция, дератизация и аналогичные)","Санитарлық қызметтер (дезинфекция, дезинсекция, дератизация және ұқсас)","Услуги санитарные (дезинфекция, дезинсекция, дератизация и аналогичные)","Из одного источника путем прямого заключения договора","пп.42 п.3 ст.39 приобретения однородных товаров, если годовой объем таких однородных товаров в стоимостном выражении не превышает стократного размера месячного расчетного показателя, работ и услуг, если годовой объем таких однородных работ и услуг в стоимостном выражении не превышает пятисоткратного размера месячного расчетного показателя, а для аппаратов акимов городов районного значения, сел, поселков, сельских округов не превышает трех тысячекратного размера месячного расчетного показателя, установленного на соответствующий финансовый год законом о республиканском бюджете;","Из одного источника путем прямого заключения договора","Одна услуга",1,28800,28800,28800,null,null,"Февраль","бір жылдың ішінде","в течение года","111010000;","Ақмола облысы, Көкшетау қ. ул.Темирбекова 55;","Акмолинская область, г.Кокшетау ул.Темирбекова 55;",null,null,"Договор действует"]
[32475286,33278184,"Закупки, не превышающие финансовый год",273,"010 Обеспечение сохранности архивного фонда","015 За счет средств местного бюджета","159 Оплата прочих услуг и работ","За счет бюджетных средств, за исключением средств софинансирования по правительственным внешним займам или связанным грантам","Услуга","951110.000.000003","Услуги по техническому обслуживанию компьютерной/периферийной оргтехники/оборудования и их частей","Услуги по техническому обслуживанию компьютерной/периферийной оргтехники/оборудования и их частей","Услуги по техническому обслуживанию компьютерной/периферийной оргтехники/оборудования и их частей","Услуги по техническому обслуживанию компьютерной/периферийной оргтехники/оборудования и их частей","«1 С Кәсіпорын 8» басқару бойынша жұмыстар","Работы по Администрированию системы «1С:Предприятие 8»","Из одного источника путем прямого заключения договора","пп.42 п.3 ст.39 приобретения однородных товаров, если годовой объем таких однородных товаров в стоимостном выражении не превышает стократного размера месячного расчетного показателя, работ и услуг, если годовой объем таких однородных работ и услуг в стоимостном выражении не превышает пятисоткратного размера месячного расчетного показателя, а для аппаратов акимов городов районного значения, сел, поселков, сельских округов не превышает трех тысячекратного размера месячного расчетного показателя, установленного на соответствующий финансовый год законом о республиканском бюджете;","Из одного источника путем прямого заключения договора","Одна услуга",1,160000,160000,160000,null,null,"Февраль","келісімшарт жасалғаннан кейін 15 күнтізбелік күн ішінде","в течении 15 календарных дней после заключения договора","111010000;","Ақмола облысы, Көкшетау қ. ул.Темрбекова 55;","Акмолинская область, г.Кокшетау ул.Темрбекова 55;",null,null,"Договор действует"]
[32327696,33485246,"Закупки, не превышающие финансовый год",273,"010 Обеспечение сохранности архивного фонда","015 За счет средств местного бюджета","159 Оплата прочих услуг и работ","За счет бюджетных средств, за исключением средств софинансирования по правительственным внешним займам или связанным грантам","Услуга","823011.000.000000","Конференцияларды/семинарларды/форумдарды/конкурстарды/корпоративтік/спорттық/мәдени/мерекелік және ұқсас іс-шараларды ұйымдастыру/өткізу бойынша қызметтер","Услуги по организации/проведению конференций/семинаров/форумов/конкурсов/корпоративных/спортивных/культурных/праздничных и аналогичных мероприятий","Конференциялар, форумдар, семинарлар, конурстар, корпоративтік, спорттық, мәдени, мерекелік және балама іс-шараларды ұйымдастыру/өткізу бойынша қызметтер","Услуги по организации/проведению конференций/семинаров/форумов/конкурсов/корпоративных/спортивных/культурных/праздничных и аналогичных мероприятий","Конференциялар, форумдар, семинарлар, конурстар, корпоративтік, спорттық, мәдени, мерекелік және балама іс-шараларды ұйымдастыру/өткізу бойынша қызметтер","Услуги по организации/проведению конференций/семинаров/форумов/конкурсов/корпоративных/спортивных/культурных/праздничных и аналогичных мероприятий","Из одного источника путем прямого заключения договора","пп.42 п.3 ст.39 приобретения однородных товаров, если годовой объем таких однородных товаров в стоимостном выражении не превышает стократного размера месячного расчетного показателя, работ и услуг, если годовой объем таких однородных работ и услуг в стоимостном выражении не превышает пятисоткратного размера месячного расчетного показателя, а для аппаратов акимов городов районного значения, сел, поселков, сельских округов не превышает трех тысячекратного размера месячного расчетного показателя, установленного на соответствующий финансовый год законом о республиканском бюджете;","Из одного источника путем прямого заключения договора","Одна услуга",1,45000,45000,45000,null,null,"Февраль","Шарт тіркелген сәттен бастап 15 (он бес) жұмыс күні","15(пятнадцать) рабочих дней с момента заключения договора","111010000;","Ақмола облысы, Көкшетау қ. ул.Темирбекова 55;","Акмолинская область, г.Кокшетау ул.Темирбекова 55;",null,null,"Договор действует"]
[32339015,33491903,"Закупки, не превышающие финансовый год",273,"010 Обеспечение сохранности архивного фонда","015 За счет средств местного бюджета","152 Оплата услуг связи","За счет бюджетных средств, за исключением средств софинансирования по правительственным внешним займам или связанным грантам","Услуга","611043.100.000000","Интернетке қолжеткізу бойынша қызметтер","Услуги по доступу к Интернету","Сым желілері бойынша кең жолақты Интернетке қол жеткізуді ұсынуға бағытталған қызметтер","Услуги, направленные на предоставление доступа к Интернету широкополосному по сетям проводным","Интернетке қолжеткізу бойынша қызметтер","Услуги по доступу к Интернету","Из одного источника путем прямого заключения договора","пп.42 п.3 ст.39 приобретения однородных товаров, если годовой объем таких однородных товаров в стоимостном выражении не превышает стократного размера месячного расчетного показателя, работ и услуг, если годовой объем таких однородных работ и услуг в стоимостном выражении не превышает пятисоткратного размера месячного расчетного показателя, а для аппаратов акимов городов районного значения, сел, поселков, сельских округов не превышает трех тысячекратного размера месячного расчетного показателя, установленного на соответствующий финансовый год законом о республиканском бюджете;","Из одного источника путем прямого заключения договора","Одна услуга",1,290176,290176,290176,null,null,"Февраль","бір жыл бойы","в течении года","111010000;","Ақмола облысы, Көкшетау қ. ул.Темирбекова 55;","Акмолинская область, г.Кокшетау ул.Темирбекова 55;",null,null,"Договор действует"]
[32445043,33491927,"Закупки, не превышающие финансовый год",273,"010 Обеспечение сохранности архивного фонда","015 За счет средств местного бюджета","149 Приобретение прочих запасов","За счет бюджетных средств, за исключением средств софинансирования по правительственным внешним займам или связанным грантам","Товар","172911.350.000000","Пошталық марка","Марка почтовая","сөндірілмеген, елтаңбалық немесе ұқсас","негашеная, гербовые или подобные","почталық маркалар","марки почтовые","Из одного источника путем прямого заключения договора","пп.36 п.3 ст.39 приобретения товаров, работ, услуг у лица, определенного законами Республики Казахстан;","Из одного источника путем прямого заключения договора","Штука",1000,194,194000,194000,null,null,"Февраль","келісім шартқа отырғаннан кейін 15 күнтізбелік күн ішінде","в течении 15 календарных дней после заключения договора","111010000;","Ақмола облысы, Көкшетау қ. Темирбеков көшесі 55;","Акмолинская область, г.Кокшетау ул Темирбекова 55;",null,null,"Договор действует"]
[33960739,33960739,"Закупки, не превышающие финансовый год",273,"010 Обеспечение сохранности архивного фонда","015 За счет средств местного бюджета","149 Приобретение прочих запасов","За счет бюджетных средств, за исключением средств софинансирования по правительственным внешним займам или связанным грантам","Товар","221972.000.000008","Ковролан","Ковролан","резеңкелі","резиновый","Ковролан резеңкелі","Ковролан резиновый","Из одного источника путем прямого заключения договора","пп.42 п.3 ст.39 приобретения однородных товаров, если годовой объем таких однородных товаров в стоимостном выражении не превышает стократного размера месячного расчетного показателя, работ и услуг, если годовой объем таких однородных работ и услуг в стоимостном выражении не превышает пятисоткратного размера месячного расчетного показателя, а для аппаратов акимов городов районного значения, сел, поселков, сельских округов не превышает трех тысячекратного размера месячного расчетного показателя, установленного на соответствующий финансовый год законом о республиканском бюджете;","Из одного источника путем прямого заключения договора","Штука",1,60000,60000,60000,null,null,"Март","келісімшарт жасалғаннан кейін 15 күнтізбелік күн ішінде","в течении 15 календарных дней после заключения договора","111010000;","Ақмола облысы, Көкшетау қ. Темирбеков көшесі 55;","Акмолинская область, г.Кокшетау ул Темирбекова 55;",null,null,"Договор действует"]
[32423850,34130632,"Закупки, не превышающие финансовый год",273,"010 Обеспечение сохранности архивного фонда","015 За счет средств местного бюджета","159 Оплата прочих услуг и работ","За счет бюджетных средств, за исключением средств софинансирования по правительственным внешним займам или связанным грантам","Услуга","331212.600.000000","Крандарды/клапанды және ұқсас ілмекті-реттеуіш арматураны техникалық қамтамасыз ету бойынша қызмет көрсетулер","Услуги по техническому обслуживанию кранов/клапанов и аналогичной запорно-регулировочной арматуры","Крандарды/клапанды және ұқсас ілмекті-реттеуіш арматураны техникалық қамтамасыз ету бойынша қызмет көрсетулер","Услуги по техническому обслуживанию кранов/клапанов и аналогичной запорно-регулировочной арматуры","бөлшектеу, өлшеуіштерді орнату, тығыздағышты ауыстыру","демонтаж, монтаж расходомеров, замена прокладок","Из одного источника путем прямого заключения договора","пп.42 п.3 ст.39 приобретения однородных товаров, если годовой объем таких однородных товаров в стоимостном выражении не превышает стократного размера месячного расчетного показателя, работ и услуг, если годовой объем таких однородных работ и услуг в стоимостном выражении не превышает пятисоткратного размера месячного расчетного показателя, а для аппаратов акимов городов районного значения, сел, поселков, сельских округов не превышает трех тысячекратного размера месячного расчетного показателя, установленного на соответствующий финансовый год законом о республиканском бюджете;","Из одного источника путем прямого заключения договора","Одна услуга",1,65000,65000,65000,null,null,"Март","наурыз","март","111010000;","Ақмола облысы, Көкшетау қ. Темирбеков көшесі 55;","Акмолинская область, г.Кокшетау улТемирбекова 55;",null,null,"Договор действует"]
[34131040,34242874,"Закупки, не превышающие финансовый год",273,"010 Обеспечение сохранности архивного фонда","015 За счет средств местного бюджета","149 Приобретение прочих запасов","За счет бюджетных средств, за исключением средств софинансирования по правительственным внешним займам или связанным грантам","Товар","172911.350.000000","Пошталық марка","Марка почтовая","сөндірілмеген, елтаңбалық немесе ұқсас","негашеная, гербовые или подобные","почталық маркалар","марки почтовые","Из одного источника путем прямого заключения договора","пп.36 п.3 ст.39 приобретения товаров, работ, услуг у лица, определенного законами Республики Казахстан;","Из одного источника путем прямого заключения договора","Штука",1259,50,62950,62950,null,null,"Март","келісім шартқа отырғаннан кейін 15 күнтізбелік күн ішінде","в течении 15 календарных дней после заключения договора","111010000;","Ақмола облысы, Көкшетау қ. Темирбеков көшесі 55;","Акмолинская область, г.Кокшетау ул Темирбекова 55;",null,null,"Утвержден"]
[32468924,34292583,"Закупки, не превышающие финансовый год",273,"010 Обеспечение сохранности архивного фонда","015 За счет средств местного бюджета","149 Приобретение прочих запасов","За счет бюджетных средств, за исключением средств софинансирования по правительственным внешним займам или связанным грантам","Товар","172314.500.000002","Кеңсе жабдығына арналған қағаз","Бумага для офисного оборудования","формат А4","формат А4","А4 форматты қағаз","Бумага формата А4","Из одного источника путем прямого заключения договора","пп.42 п.3 ст.39 приобретения однородных товаров, если годовой объем таких однородных товаров в стоимостном выражении не превышает стократного размера месячного расчетного показателя, работ и услуг, если годовой объем таких однородных работ и услуг в стоимостном выражении не превышает пятисоткратного размера месячного расчетного показателя, а для аппаратов акимов городов районного значения, сел, поселков, сельских округов не превышает трех тысячекратного размера месячного расчетного показателя, установленного на соответствующий финансовый год законом о республиканском бюджете;","Из одного источника путем прямого заключения договора","Штука",174,1400,243600,243600,null,null,"Март","келісім шартқа отырғаннан кейін 15 күнтізбелік күн ішінде","в течении 15 календарных дней после заключения договора","111010000;","Ақмола облысы, Көкшетау қ. ул.Темирбекова 55;","Акмолинская область, г.Кокшетау ул.Темирбекова 55;",null,null,"Договор действует"]
[32335568,34323862,"Закупки, не превышающие финансовый год",273,"010 Обеспечение сохранности архивного фонда","015 За счет средств местного бюджета","152 Оплата услуг связи","За счет бюджетных средств, за исключением средств софинансирования по правительственным внешним займам или связанным грантам","Услуга","611011.200.000000","Телефондық байланысының қызмет көрсетулері","Услуги телефонной связи","Белгіленген жергілікті, қалааралық, халықаралық телефон байланысы қызметтері","Услуги фиксированной местной, междугородней, международной телефонной связи","Телефондық байланысының қызмет көрсетулері","Услуги телефонной связи","Из одного источника путем прямого заключения договора","пп.42 п.3 ст.39 приобретения однородных товаров, если годовой объем таких однородных товаров в стоимостном выражении не превышает стократного размера месячного расчетного показателя, работ и услуг, если годовой объем таких однородных работ и услуг в стоимостном выражении не превышает пятисоткратного размера месячного расчетного показателя, а для аппаратов акимов городов районного значения, сел, поселков, сельских округов не превышает трех тысячекратного размера месячного расчетного показателя, установленного на соответствующий финансовый год законом о республиканском бюджете;","Из одного источника путем прямого заключения договора","Одна услуга",1,77142.86,77142.86,77142.86,null,null,"Февраль","бір жыл бойы","в течении года","111010000;","Ақмола облысы, Көкшетау қ. ул.Темирбекова 55;","Акмолинская область, г.Кокшетау ул.Темирбекова 55;",null,null,"Договор действует"]
[34550974,34550974,"Закупки, не превышающие финансовый год",273,"010 Обеспечение сохранности архивного фонда","015 За счет средств местного бюджета","159 Оплата прочих услуг и работ","За счет бюджетных средств, за исключением средств софинансирования по правительственным внешним займам или связанным грантам","Услуга","620230.000.000001","Ақпараттық жүйені қостау және техникалық қолдау көрсету бойынша қызмет көрсетулер","Услуги по сопровождению и технической поддержке информационной системы","Ақпараттық жүйеде ілесу және техникалық қолдау бойынша қызметтер","Услуги по сопровождению и технической поддержке информационной системы","Бағдармалық өнімдерге техникалық қызмет көрсету \"Парус-Каз.Бюджет\" Бюджеттік өтінім","Обслуживание программного продукта (Бюджетная заявка)","Из одного источника путем прямого заключения договора","пп.3 п.3 ст.39 приобретение товаров, услуг, являющихся объектами интеллектуальной собственности, у лица, обладающего исключительными правами в отношении приобретаемых товаров, услуг, а также работ по корректировке предпроектной или проектно-сметной документации у лица, разработавшего данную предпроектную или проектно-сметную документацию","Из одного источника путем прямого заключения договора","Одна услуга",1,184821.43,184821.43,184821.43,null,null,"Апрель","келісімшарт жасалғаннан кейін 15 күнтізбелік күн ішінде","в течении 15 календарных дней после заключения договора","111010000;","Ақмола облысы, Көкшетау қ. Көкшетау қаласы Темірбеков 55;","Акмолинская область, г.Кокшетау г.Кокшетау ул.Темирбекова 55;",null,null,"Договор действует"]
[34550625,34780809,"Закупки, не превышающие финансовый год",273,"032 Капитальные расходы подведомственных государственных учреждений и организаций","015 За счет средств местного бюджета","416 Приобретение нематериальных активов","За счет бюджетных средств, за исключением средств софинансирования по правительственным внешним займам или связанным грантам","Услуга","620920.000.000003","Услуги по установке/настройке программного обеспечения","Услуги по установке/настройке программного обеспечения","Услуги по установке/настройке программного обеспечения","Услуги по установке/настройке программного обеспечения","Приобретение нематериальных активов. Программный продукт \"Парус- КАЗ.Бюджет\" (Бюджетная заявка)","Приобретение нематериальных активов. Программный продукт \"Парус- КАЗ.Бюджет\" (Бюджетная заявка)","Из одного источника путем прямого заключения договора","пп.3 п.3 ст.39 приобретение товаров, услуг, являющихся объектами интеллектуальной собственности, у лица, обладающего исключительными правами в отношении приобретаемых товаров, услуг, а также работ по корректировке предпроектной или проектно-сметной документации у лица, разработавшего данную предпроектную или проектно-сметную документацию","Из одного источника путем прямого заключения договора","Одна услуга",1,267857.14,267857.14,267857.14,null,null,"Апрель","келісімшарт жасалғаннан кейін 15 күнтізбелік күн ішінде","в течении 15 календарных дней после заключения договора","111010000;","Ақмола облысы, Көкшетау қ. Көкшетау қаласы , Темірбеков көшесі 55;","Акмолинская область, г.Кокшетау г.Кокшетау , ул.Темирбекова55;",null,null,"Договор действует"]
[32421739,35173361,"Закупки, не превышающие финансовый год",273,"010 Обеспечение сохранности архивного фонда","015 За счет средств местного бюджета","159 Оплата прочих услуг и работ","За счет бюджетных средств, за исключением средств софинансирования по правительственным внешним займам или связанным грантам","Услуга","181214.400.000000","Фотографияларды басып шығару бойынша қызметтер","Услуги по печатанию фотографий","Фотосурет басып шығару қызметтері","Услуги по печатанию фотографий","Фотосурет басып шығару қызметтері","Услуги по печатанию фотографий","Из одного источника путем прямого заключения договора","пп.42 п.3 ст.39 приобретения однородных товаров, если годовой объем таких однородных товаров в стоимостном выражении не превышает стократного размера месячного расчетного показателя, работ и услуг, если годовой объем таких однородных работ и услуг в стоимостном выражении не превышает пятисоткратного размера месячного расчетного показателя, а для аппаратов акимов городов районного значения, сел, поселков, сельских округов не превышает трех тысячекратного размера месячного расчетного показателя, установленного на соответствующий финансовый год законом о республиканском бюджете;","Из одного источника путем прямого заключения договора","Одна услуга",1,62500,62500,62500,null,null,"Май","Шарт тіркелген сәттен бастап 15 (он бес) жұмыс күні","15(пятнадцать) рабочих дней с момента регистрации договора","111010000;","Ақмола облысы, Көкшетау қ. ул.Темирбекова 55;","Акмолинская область, г.Кокшетау ул.Темирбекова 55;",null,null,"Утвержден"]
[35174482,35174482,"Закупки, не превышающие финансовый год",273,"010 Обеспечение сохранности архивного фонда","015 За счет средств местного бюджета","010149 Приобретение прочих запасов","За счет денег от реализации государственными учреждениями товаров (работ, услуг), остающихся в их распоряжении","Товар","172911.350.000000","Пошталық марка","Марка почтовая","сөндірілмеген, елтаңбалық немесе ұқсас","негашеная, гербовые или подобные","почталық маркалар","марки почтовые","Запрос ценовых предложений",null,"Запрос ценовых предложений","Штука",100,705,70500,70500,null,null,"Май","келісімшарт жасалғаннан кейін 15 күнтізбелік күн ішінде","в течении 15 календарных дней после заключения договора","111010000;","Ақмола облысы, Көкшетау қ. Теімірбеков к-сі 55;","Акмолинская область, г.Кокшетау ул.Темирбекова 55;",null,null,"Проект лота"]
[32424187,35174566,"Закупки, не превышающие финансовый год",273,"010 Обеспечение сохранности архивного фонда","015 За счет средств местного бюджета","159 Оплата прочих услуг и работ","За счет бюджетных средств, за исключением средств софинансирования по правительственным внешним займам или связанным грантам","Услуга","331910.800.000000","Жылыту жүйесін шаю және қысыммен тексеру бойынша қызмет көрсетулер","Услуги по промывке и опрессовке системы отопления","Жылу беру жүйесінің жуылуы бойынша қызметтер","Услуги по промывке и опрессовке системы отопления","Жылу беру жүйесінің жуылуы бойынша қызметтер","Услуги по промывке и опрессовке системы отопления","Из одного источника путем прямого заключения договора","пп.42 п.3 ст.39 приобретения однородных товаров, если годовой объем таких однородных товаров в стоимостном выражении не превышает стократного размера месячного расчетного показателя, работ и услуг, если годовой объем таких однородных работ и услуг в стоимостном выражении не превышает пятисоткратного размера месячного расчетного показателя, а для аппаратов акимов городов районного значения, сел, поселков, сельских округов не превышает трех тысячекратного размера месячного расчетного показателя, установленного на соответствующий финансовый год законом о республиканском бюджете;","Из одного источника путем прямого заключения договора","Одна услуга",1,100000,100000,100000,null,null,"Май","мамыр - маусым","май-июнь","111010000;","Ақмола облысы, Көкшетау қ. Темирбеков көшесі55;","Акмолинская область, г.Кокшетау улТемирбекова 55;",null,null,"Договор действует"]
[32424650,35174670,"Закупки, не превышающие финансовый год",273,"010 Обеспечение сохранности архивного фонда","015 За счет средств местного бюджета","159 Оплата прочих услуг и работ","За счет бюджетных средств, за исключением средств софинансирования по правительственным внешним займам или связанным грантам","Услуга","181219.900.000003","Кітаптарды басып шығару бойынша қызметтер","Услуги по печатанию книг","Кітап басып шығару қызметтері","Услуги по печатанию книг","Кітап басып шығару қызметтері","Услуги по печатанию книг","Из одного источника путем прямого заключения договора","пп.42 п.3 ст.39 приобретения однородных товаров, если годовой объем таких однородных товаров в стоимостном выражении не превышает стократного размера месячного расчетного показателя, работ и услуг, если годовой объем таких однородных работ и услуг в стоимостном выражении не превышает пятисоткратного размера месячного расчетного показателя, а для аппаратов акимов городов районного значения, сел, поселков, сельских округов не превышает трех тысячекратного размера месячного расчетного показателя, установленного на соответствующий финансовый год законом о республиканском бюджете;","Из одного источника путем прямого заключения договора","Одна услуга",1,98250,98250,98250,null,null,"Май","келісімшарт жасалғаннан кейін 15 күнтізбелік күн ішінде","в течении 15 календарных дней после заключения договора","111010000;","Ақмола облысы, Көкшетау қ. Темирбеков көшесі55;","Акмолинская область, г.Кокшетау ул Темирбекова 55;",null,null,"Договор действует"]
[35571342,35571342,"Закупки, не превышающие финансовый год",273,"010 Обеспечение сохранности архивного фонда","015 За счет средств местного бюджета","159 Оплата прочих услуг и работ","За счет бюджетных средств, за исключением средств софинансирования по правительственным внешним займам или связанным грантам","Работа","432110.900.000000","Көшені жарықтандыру жүйесін салу/монтаждау/төсеу бойынша жұмыстар","Работы по строительству/монтажу/прокладке систем уличного освещения","Көшелерді жарықтандыру жүйелерін салу/монтаж жасау/төсеу жұмыстары","Работы по строительству/монтажу/прокладке систем уличного освещения","Көшелерді жарықтандыру жүйелерін салу/монтаж жасау/төсеу жұмыстары","Работы по строительству/монтажу/прокладке систем уличного освещения","Из одного источника путем прямого заключения договора","пп.42 п.3 ст.39 приобретения однородных товаров, если годовой объем таких однородных товаров в стоимостном выражении не превышает стократного размера месячного расчетного показателя, работ и услуг, если годовой объем таких однородных работ и услуг в стоимостном выражении не превышает пятисоткратного размера месячного расчетного показателя, а для аппаратов акимов городов районного значения, сел, поселков, сельских округов не превышает трех тысячекратного размера месячного расчетного показателя, установленного на соответствующий финансовый год законом о республиканском бюджете;","Из одного источника путем прямого заключения договора","Работа",1,265000,265000,265000,null,null,"Июнь","маусым-шілде","июнь-июль","111010000;","Ақмола облысы, Көкшетау қ. г.Кокшетау ул.Темирбекова 55;","Акмолинская область, г.Кокшетау г.Кокшетау ул.Темирбекова 55;",null,null,"Договор действует"]
[35610970,35720394,"Закупки, не превышающие финансовый год",273,"010 Обеспечение сохранности архивного фонда","015 За счет средств местного бюджета","149 Приобретение прочих запасов","За счет бюджетных средств, за исключением средств софинансирования по правительственным внешним займам или связанным грантам","Товар","172911.350.000000","Пошталық марка","Марка почтовая","сөндірілмеген, елтаңбалық немесе ұқсас","негашеная, гербовые или подобные","почталық маркалар","марки почтовые","Из одного источника путем прямого заключения договора","пп.2 п.3 ст.39 приобретение товаров, работ, услуг по ценам, тарифам, установленным законодательством Республики Казахстан","Из одного источника путем прямого заключения договора","Штука",100,860,86000,86000,null,null,"Июнь","келісімшарт жасалғаннан кейін 15 күнтізбелік күн ішінде","в течении 15 календарных дней после заключения договора","111010000;","Ақмола облысы, Көкшетау қ. Теімірбеков к-сі 55;","Акмолинская область, г.Кокшетау ул.Темирбекова 55;",null,null,"Изменен"]
[35751466,35751466,"Закупки, не превышающие финансовый год",273,"010 Обеспечение сохранности архивного фонда","015 За счет средств местного бюджета","159 Оплата прочих услуг и работ","За счет бюджетных средств, за исключением средств софинансирования по правительственным внешним займам или связанным грантам","Услуга","181219.900.000003","Кітаптарды басып шығару бойынша қызметтер","Услуги по печатанию книг","Кітап басып шығару қызметтері","Услуги по печатанию книг","Кітап басып шығару қызметтері","Услуги по печатанию книг","Из одного источника путем прямого заключения договора","пп.42 п.3 ст.39 приобретения однородных товаров, если годовой объем таких однородных товаров в стоимостном выражении не превышает стократного размера месячного расчетного показателя, работ и услуг, если годовой объем таких однородных работ и услуг в стоимостном выражении не превышает пятисоткратного размера месячного расчетного показателя, а для аппаратов акимов городов районного значения, сел, поселков, сельских округов не превышает трех тысячекратного размера месячного расчетного показателя, установленного на соответствующий финансовый год законом о республиканском бюджете;","Из одного источника путем прямого заключения договора","Одна услуга",1,265000,265000,265000,null,null,"Май","келісімшарт жасалғаннан кейін 15 күнтізбелік күн ішінде","в течении 15 календарных дней после заключения договора","111010000;","Ақмола облысы, Көкшетау қ. Темирбеков көшесі55;","Акмолинская область, г.Кокшетау ул Темирбекова 55;",null,null,"Договор действует"]
[35751751,35751751,"Закупки, не превышающие финансовый год",273,"010 Обеспечение сохранности архивного фонда","015 За счет средств местного бюджета","149 Приобретение прочих запасов","За счет бюджетных средств, за исключением средств софинансирования по правительственным внешним займам или связанным грантам","Товар","172911.350.000000","Пошталық марка","Марка почтовая","сөндірілмеген, елтаңбалық немесе ұқсас","негашеная, гербовые или подобные","почталық маркалар","марки почтовые","Из одного источника путем прямого заключения договора","пп.36 п.3 ст.39 приобретения товаров, работ, услуг у лица, определенного законами Республики Казахстан;","Из одного источника путем прямого заключения договора","Штука",1000,194,194000,194000,null,null,"Июнь","келісім шартқа отырғаннан кейін 15 күнтізбелік күн ішінде","в течении 15 календарных дней после заключения договора","111010000;","Ақмола облысы, Көкшетау қ. Темирбеков көшесі 55;","Акмолинская область, г.Кокшетау ул Темирбекова 55;",null,null,"Договор действует"]
[32423346,36028128,"Закупки, не превышающие финансовый год",273,"010 Обеспечение сохранности архивного фонда","015 За счет средств местного бюджета","159 Оплата прочих услуг и работ","За счет бюджетных средств, за исключением средств софинансирования по правительственным внешним займам или связанным грантам","Услуга","841311.000.000001","Персонал/қызметкерлерді оқыту қызметі","Услуги по обучению персонала/сотрудников","Оқыту (үйрету/тренингтер/дайындау/қайта дайындау/біліктілігін жоғарылату) бойынша қызметтер","Услуги по обучению (обучению/тренинги/подготовке/переподготовке/повышению квалификации)","оқыту мамандарының біліктілігін арттыру бойынша қызметтер","услуги по обучению повышение квалификации специалистов","Из одного источника путем прямого заключения договора","пп.45 п.3 ст.39 приобретения материалов выставок, семинаров, конференций, совещаний, форумов, симпозиумов, тренингов, а также оплаты за участие в указанных мероприятиях;","Из одного источника путем прямого заключения договора","Одна услуга",1,80000,80000,80000,null,null,"Июль","Шілде","Июль","111010000;","Ақмола облысы, Көкшетау қ. Темірбеков көшесі 55;","Акмолинская область, г.Кокшетау улица Темирбекова 55;",null,null,"Договор действует"]
[32443880,36028215,"Закупки, не превышающие финансовый год",273,"010 Обеспечение сохранности архивного фонда","015 За счет средств местного бюджета","159 Оплата прочих услуг и работ","За счет бюджетных средств, за исключением средств софинансирования по правительственным внешним займам или связанным грантам","Работа","181330.000.000000","Работы по изготовлению архивных коробок","Работы по изготовлению архивных коробок","Работы по изготовлению архивных коробок по условиям заказчика","Работы по изготовлению архивных коробок по условиям заказчика","Клиенттердің жағдайына сәйкес архив қораптарын шығару бойынша жұмыс","Работы по изготовлению архивных коробок по условиям заказчика","Из одного источника путем прямого заключения договора","пп.42 п.3 ст.39 приобретения однородных товаров, если годовой объем таких однородных товаров в стоимостном выражении не превышает стократного размера месячного расчетного показателя, работ и услуг, если годовой объем таких однородных работ и услуг в стоимостном выражении не превышает пятисоткратного размера месячного расчетного показателя, а для аппаратов акимов городов районного значения, сел, поселков, сельских округов не превышает трех тысячекратного размера месячного расчетного показателя, установленного на соответствующий финансовый год законом о республиканском бюджете;","Из одного источника путем прямого заключения договора","Работа",1,1300000,1300000,1300000,null,null,"Июль","шілде-тамыз","июль-август","111010000;","Ақмола облысы, Көкшетау қ. Темирбекова көшесі 55;","Акмолинская область, г.Кокшетау ул.Темирбекова 55;",null,"Закупка у организаций, созданных общественными объединениями инвалидов","Договор действует"]
[36804801,36804801,"Закупки, не превышающие финансовый год",273,"010 Обеспечение сохранности архивного фонда","015 За счет средств местного бюджета","060414 Приобретение машин, оборудования, инструментов, производственного и хозяйственного инвентаря","За счет денег от реализации государственными учреждениями товаров (работ, услуг), остающихся в их распоряжении","Товар","222929.500.000006","Елтаңба","Герб","пластикалы","пластиковый","Кабинеттік Елтаңба","Герб кабинетный","Запрос ценовых предложений",null,"Запрос ценовых предложений","Штука",1,35000,35000,35000,null,null,"Сентябрь","келісімшарт жасалғаннан кейін 15 күнтізбелік күн ішінде","в течении 15 календарных дней после заключения договора","111010000;","Ақмола облысы, Көкшетау қ. Көкшетау қаласы ,Темирбеков көшесі, 55 ғимарат;","Акмолинская область, г.Кокшетау г.Кокшетау ,ул.Темирбекова 55;",null,null,"Утвержден"]
[36804992,36804992,"Закупки, не превышающие финансовый год",273,"010 Обеспечение сохранности архивного фонда","015 За счет средств местного бюджета","060414 Приобретение машин, оборудования, инструментов, производственного и хозяйственного инвентаря","За счет денег от реализации государственными учреждениями товаров (работ, услуг), остающихся в их распоряжении","Товар","139229.920.000003","Ту","Флаг","атлас матасынан","из атласной ткани","кабинетке арналған Ту атлас матасынан","Флаг для кабинета из атласной ткани","Запрос ценовых предложений",null,"Запрос ценовых предложений","Штука",4,18200,72800,72800,null,null,"Сентябрь","келісімшарт жасалғаннан кейін 15 күнтізбелік күн ішінде","в течении 15 календарных дней после заключения договора","111010000;","Ақмола облысы, Көкшетау қ. Көкшетау қаласы Темирбеков көшесі 55;","Акмолинская область, г.Кокшетау г.Кокшетау , ул.Темирбекова 55;",null,null,"Утвержден"]
[36881364,36881364,"Закупки, не превышающие финансовый год",273,"010 Обеспечение сохранности архивного фонда","015 За счет средств местного бюджета","060414 Приобретение машин, оборудования, инструментов, производственного и хозяйственного инвентаря","За счет денег от реализации государственными учреждениями товаров (работ, услуг), остающихся в их распоряжении","Товар","274033.000.000020","Қызу шамы","Лампа накаливания","кварцтық-галогендік, типі КГ-150, қуаты 150 Вт","кварцево-галогенная, тип КГ-150, мощность 150 Вт","кварцтық-галогендік, типі КГ-150, қуаты 150 Вт ,Кварц шамы - ауаны дезинфекциялауға арналған ашық типті қондырғы, қабырғаға бекіту","кварцево-галогенная, тип КГ-150, мощность 150 Вт, Кварцевая лампа это устройство открытого типа,которое предназначено обеззараживания воздуха,настенная","Запрос ценовых предложений",null,"Запрос ценовых предложений","Штука",7,10000,70000,70000,null,null,"Сентябрь","келісімшарт жасалғаннан кейін 30 күнтізбелік күн ішінде","в течении 30 календарных дней после заключения договора","111010000;","Ақмола облысы, Көкшетау қ. Көкшетау қаласы , Темирбеков көшесі 55 ;","Акмолинская область, г.Кокшетау г.Кокшетау , ул.Темирбекова 55;",null,null,"Утвержден"]
[35610970,36938001,"Закупки, не превышающие финансовый год",273,"010 Обеспечение сохранности архивного фонда","015 За счет средств местного бюджета","149 Приобретение прочих запасов","За счет бюджетных средств, за исключением средств софинансирования по правительственным внешним займам или связанным грантам","Товар","172911.350.000000","Пошталық марка","Марка почтовая","сөндірілмеген, елтаңбалық немесе ұқсас","негашеная, гербовые или подобные","почталық маркалар","марки почтовые","Из одного источника путем прямого заключения договора","пп.2 п.3 ст.39 приобретение товаров, работ, услуг по ценам, тарифам, установленным законодательством Республики Казахстан","Из одного источника путем прямого заключения договора","Штука",100,571,57100,57100,null,null,"Сентябрь","келісімшарт жасалғаннан кейін 15 күнтізбелік күн ішінде","в течении 15 календарных дней после заключения договора","111010000;","Ақмола облысы, Көкшетау қ. Теімірбеков к-сі 55;","Акмолинская область, г.Кокшетау ул.Темирбекова 55;",null,null,"Проект договора"]
[36938409,36938409,"Закупки, не превышающие финансовый год",273,"010 Обеспечение сохранности архивного фонда","005 За счет внутренних займов","060414 Приобретение машин, оборудования, инструментов, производственного и хозяйственного инвентаря","За счет денег от реализации государственными учреждениями товаров (работ, услуг), остающихся в их распоряжении","Товар","259921.300.000001","Сейф","Сейф","бұзуға төзімді","взломостойкий","Сейф кеңсе қауіпсіз,бұзуға төзімді","Сейф офисный ,взломостойкий","Запрос ценовых предложений",null,"Запрос ценовых предложений","Штука",1,121339,121339,121339,null,null,"Сентябрь","келісімшарт жасалғаннан кейін 15 күнтізбелік күн ішінде","в течении 15 календарных дней после заключения договора","111010000;","Ақмола облысы, Көкшетау қ. Темирбеков көшесі 55;","Акмолинская область, г.Кокшетау ул.Темрбекова 55;",null,null,"Утвержден"]
[36938624,36938624,"Закупки, не превышающие финансовый год",273,"010 Обеспечение сохранности архивного фонда","015 За счет средств местного бюджета","060414 Приобретение машин, оборудования, инструментов, производственного и хозяйственного инвентаря","За счет денег от реализации государственными учреждениями товаров (работ, услуг), остающихся в их распоряжении","Товар","262030.100.000028","Қағаз бен дискілерді жойғыш","Уничтожитель бумаги и дисков","құпиялылық дәрежесі 4","степень секретности 4","Қағаз бен дискілерді жойғыш құпиялылық дәрежесі 4 ,степень секретности 4","Уничтожитель бумаги и дисков (шредер)","Запрос ценовых предложений",null,"Запрос ценовых предложений","Штука",2,28392,56784,56784,null,null,"Сентябрь","келісімшарт жасалғаннан кейін 15 күнтізбелік күн ішінде","в течении 15 календарных дней после заключения договора","111010000;","Ақмола облысы, Көкшетау қ. Темирбеков көшесі 55;","Акмолинская область, г.Кокшетау ул,Темирбекова 55;",null,null,"Утвержден"]
[36944517,36944517,"Закупки, не превышающие финансовый год",273,"010 Обеспечение сохранности архивного фонда","015 За счет средств местного бюджета","060149 Приобретение прочих запасов","За счет денег от реализации государственными учреждениями товаров (работ, услуг), остающихся в их распоряжении","Товар","222923.900.000009","Диспенсер","Диспенсер","антисептиктерге арналған","для антисептиков","Қабырғаға орнатылған шынтақ диспенсері","Дозатор/Диспенсор локтевой настенный","Запрос ценовых предложений",null,"Запрос ценовых предложений","Штука",2,8035,16070,16070,null,null,"Сентябрь","келісімшарт жасалғаннан кейін 15 күнтізбелік күн ішінде","в течении 15 календарных дней после заключения договора","111010000;","Ақмола облысы, Көкшетау қ. Көкшетау қаласы Темирбеков көшесі 55;","Акмолинская область, г.Кокшетау г.Кокшетау ул.Темирбекова 55;",null,null,"Утвержден"]
[36944630,36944630,"Закупки, не превышающие финансовый год",273,"010 Обеспечение сохранности архивного фонда","015 За счет средств местного бюджета","060149 Приобретение прочих запасов","За счет денег от реализации государственными учреждениями товаров (работ, услуг), остающихся в их распоряжении","Товар","222929.500.000008","Кілемше","Коврик","дезинфекциялық, араласқан материалдан жасалған","дезинфекционный, из смешанного материала","дезинфекциялау төсеніші 50х50","Дезинфекционный коврик 50х50","Запрос ценовых предложений",null,"Запрос ценовых предложений","Штука",5,4463,22315,22315,null,null,"Сентябрь","келісімшарт жасалғаннан кейін 15 күнтізбелік күн ішінде","в течении 15 календарных дней после заключения договора","111010000;","Ақмола облысы, Көкшетау қ. Көкшетау қаласы,Темирбеков көшесі55;","Акмолинская область, г.Кокшетау г.Кокшетау ,ул.Темирбекова 55;",null,null,"Утвержден"]
[36944879,36944879,"Закупки, не превышающие финансовый год",273,"010 Обеспечение сохранности архивного фонда","015 За счет средств местного бюджета","060149 Приобретение прочих запасов","За счет денег от реализации государственными учреждениями товаров (работ, услуг), остающихся в их распоряжении","Товар","202014.900.000016","Дезинфекциялау құралы","Средство дезинфицирующее","спиртті негізде","на спиртовой основе","Дезинфекциялау құралы спиртті негізде қолға арналған","Средство дезинфицирующее для рук на спиртовой основе","Запрос ценовых предложений",null,"Запрос ценовых предложений","Литр (куб. дм.)",4,5000,20000,20000,null,null,"Сентябрь","келісімшарт жасалғаннан кейін 15 күнтізбелік күн ішінде","15 календарных дней со дня подписания договора","111010000;","Ақмола облысы, Көкшетау қ. Көкшетау қаласы Темирбеков көшесі 55;","Акмолинская область, г.Кокшетау г.Кокшетау ул.Темирбекова 55;",null,null,"Утвержден"]
[36947232,36947232,"Закупки, не превышающие финансовый год",273,"010 Обеспечение сохранности архивного фонда","005 За счет внутренних займов","060149 Приобретение прочих запасов","За счет денег от реализации государственными учреждениями товаров (работ, услуг), остающихся в их распоряжении","Товар","141230.100.000010","Қолғаптар","Перчатки","қолды қорғауға арналған, латекстен жасалған","для защиты рук, из латекса","Латекс қолғаптары, өлшемі М (50 жұп пакеттен)","Перчатки латексные, размер М ( в упаковке 50пар)","Запрос ценовых предложений",null,"Запрос ценовых предложений","Упаковка",10,4419,44190,44190,null,null,"Сентябрь","Шартқа қол қойылған күннен бастап 15 күнтізбелік күн","15 календарных дней со дня подписания договора","111010000;","Ақмола облысы, Көкшетау қ. Көкшетау қаласы Темирбеков көшесі  55;","Акмолинская область, г.Кокшетау г.Кокшетау ул.Темирбекова 55;",null,null,"Утвержден"]
[36954771,36954771,"Закупки, не превышающие финансовый год",273,"010 Обеспечение сохранности архивного фонда","015 За счет средств местного бюджета","159 Оплата прочих услуг и работ","За счет бюджетных средств, за исключением средств софинансирования по правительственным внешним займам или связанным грантам","Услуга","841311.000.000001","Персонал/қызметкерлерді оқыту қызметі","Услуги по обучению персонала/сотрудников","Оқыту (үйрету/тренингтер/дайындау/қайта дайындау/біліктілігін жоғарылату) бойынша қызметтер","Услуги по обучению (обучению/тренинги/подготовке/переподготовке/повышению квалификации)","услуги по обучению повышение квалификации специалистов","оқыту мамандарының біліктілігін арттыру бойынша қызметтер","Из одного источника путем прямого заключения договора","пп.36 п.3 ст.39 приобретения товаров, работ, услуг у лица, определенного законами Республики Казахстан;","Из одного источника путем прямого заключения договора","Одна услуга",1,41232,41232,41232,null,null,"Сентябрь","келісімшарт жасалғаннан кейін 15 күнтізбелік күн ішінде","в течении 15 календарных дней после заключения договора","111010000;","Ақмола облысы, Көкшетау қ. Көкшетау қаласы Темирбеков көшесі55;","Акмолинская область, г.Кокшетау г.Кокшетау ул.Темирбекова 55;",null,null,"Проект договора"]
[36955825,36955825,"Закупки, не превышающие финансовый год",273,"010 Обеспечение сохранности архивного фонда","015 За счет средств местного бюджета","060159 Оплата прочих услуг и работ","За счет денег от реализации государственными учреждениями товаров (работ, услуг), остающихся в их распоряжении","Работа","251299.100.000000","Работы по изготовлению дверей/ворот и аналогичных изделий","Работы по изготовлению дверей/ворот и аналогичных изделий","Работы по изготовлению дверей/ворот и аналогичных изделий согласно требованиям Заказчика","Работы по изготовлению дверей/ворот и аналогичных изделий согласно требованиям Заказчика","Есік орнату жұмыстары","Работы по установке дверей","Запрос ценовых предложений",null,"Запрос ценовых предложений","Работа",1,89285,89285,89285,null,null,"Сентябрь","Шартқа қол қойылған күннен бастап 15 күнтізбелік күн","15 календарных дней со дня подписания договора","111010000;","Ақмола облысы, Көкшетау қ. Көкшетау қаласы Темирбеков көшесі 55;","Акмолинская область, г.Кокшетау г.Кокшетау ул. Темирбекова 55;",null,null,"Утвержден"]
[36956381,36956381,"Закупки, не превышающие финансовый год",273,"010 Обеспечение сохранности архивного фонда","015 За счет средств местного бюджета","149 Приобретение прочих запасов","За счет бюджетных средств, за исключением средств софинансирования по правительственным внешним займам или связанным грантам","Товар","325021.800.000006","Бетперде","Маска","медициналық","медицинская","медициналық маска 3 қабатты маскалар","медицинская Маска 3-х слойные маски","Запрос ценовых предложений",null,"Запрос ценовых предложений","Штука",1000,35,35000,35000,null,null,"Сентябрь","келісімшарт жасалғаннан кейін 15 күнтізбелік күн ішінде","в течение 15 календарных дней со дня вступления в силу Договора","111010000;","Ақмола облысы, Көкшетау қ. Көкшетау қаласы Темирбеков көшесі 55;","Акмолинская область, г.Кокшетау г.Кокшетау ул.Темирбекова 55;",null,null,"Утвержден"]